000 00697nam a2200265Ia 4500
003 OSt
005 20220924114745.0
006 a|||||r|||| 00| 0
007 ta
008 220923b |||||||| |||| 00| 0 ara d
020 _a9770265837
024 _a335265
037 _cTextual
040 _aARTS
_cARTS
_bara
041 _2ara
_aara
082 _aQ7vD6, 28H9;P4
100 _aHussain Taha Au.
_9175202
245 0 _aAl-wad-al-haq
260 _aCairo
_bDar-al-ma'arif Egypt
_c2004
300 _a166p.
_ccm.
650 _a PROPHETS
_94238
650 _aISLAM - HISTORY
942 _hQ7vD6, 28H9;P4
_cTEXL
_2CC
999 _c395139
_d395139